000 01422aab a2200361 a 4500
003 AR-RoUNA
008 140529||||||||||||||||| |||| 0|||| d
040 _aAR-RoUNA
_bspa
041 _aspa
_aeng
044 _aag
080 _a72.036
092 _lON58
245 1 3 _aOn Diseño /
_nNº 135
260 _aBarcelona :
_bOn Diseño,
_c1996
300 _a249 p. :
_bdib.
_bfot. col.
_bplantas
_c29x24 cm
505 0 _tCOMUNICACIÓN GRÁFICA
505 0 _aPrograma de identidad institucional del Quinto Centenario del Descubrimiento Cruz Novillo & Asociados. p. 104
505 0 _tPREMIOS FAD DE ARQUITECTURA E INTERIORISMO (Y 2)
505 0 _aMiralles Enric y Pinós Carme/ Parque cementerio de Igualdada.p. 110
505 0 _aF. Rius, J M. Gil. M Brullet y E. Bonell/ Centro penitenciario de Brians. p.122
505 0 _aPujol Ramon y Garcia Julia / Colección Barbie de Alta costura. p 134
505 0 _aRius Francesc/ Mateos Josep Lluis con Vicente Guallart / Vivienda unifamiliar en Bolvir. (Cerdanya). p. 138
650 _aArquitectura contemporanea
_912621
653 _aExposiciones
653 _aPremios
700 1 _aLlopis, Carme
_edrt
_912622
773 _aOn Diseño
_dBarcelona, AramEdiciones S.A, 1996
_gNº135 ( 1998). p.250
_x0210-2080
908 _aImp
930 _c170
_e6916
942 _2udc
_cART
945 _aMBP
_d2019-02-20
980 _86
_gMirna Bonanno Potro
_66
_aMirna Bonanno Potro
999 _c12134
_d12134